000 00526nam a2200181 i 4500
001 57968
003 ES-MaACL
005 20230906163707.0
007 t|
008 031020s1909 fr ||||1| fre d
100 1 _aDoumic, René.
_945507
245 1 0 _aGeorge Sand
_b: dix conferences sur sa vie et son oeuvre /
_cRené Doumic.
260 _aParis :
_bPerrin,
_c1909.
300 _a362 p. :
_bretr. ;
_c19 cm.
600 1 4 _aSand, George,
_d1804-1876
_9103060
852 _aES-MaACL
_jF-4698
999 _c57968
_d57968